00193nam a22000737a 4500020001800000100001500018245003300033260005300066 a9780689839146 aAvi Wortis aThings That Sometimes Happen aNew YORKbAtheneum Books For Young Readersc1970